00986 a2200193 45000010006000000050017000060080041000230030015000640400040000790800063001192450101001820200022002832640034003053000018003395050266003570410008006231000021006318560140006522532220260407155538.0260407a2013 arg spa dAR-UNSa-BCEJYS aAR-UNSa-BCEJYSbspacAR-UNSa-BCEJYS a001.891.5xInvestigación aplicada. Experimentos. Ensayos10aEstrategias para comprender y producir ensayospanálisis y escritura de un genéro discursivo a978-987-538-344-9 1aBuenos Aires :bNoveducc2013 a94 p.c28 cm. a1. El ensayo como género discursivo - 2. Lectura crítica de ensayos - 3. El ensayo literario: de una lectura no concluyente a múltiples lecturas - 4. Ensayo e identidad nacional - 5. Ensayos: para escribirlos mejor - 6. El ensayo pedagógico: una lectura aspa1 aMatteucci, Norma41uhttps://biblioeco.unsa.edu.ar/pmb/images/libros/Estrategias para comprender y producir ensayos(2013).jpgyImagen de portadaqimage/jpeg